000 02202nam a2200301Ia 4500
003 CO-CtgCURN
005 20260127160022.0
008 251212s2025 xx 000 0 und d
040 _aCO-CtgCURN
_bspa
_ccoctgcurn
082 _aENF 2025
_bC346
100 _aCastañeda Contreras, Isabel María
_eautora
245 0 _aRiesgo de trastornos mentales comunes en los estudiantes de 10° y 11° grado de una institución educativa de soledad 2025-02
_h[electronic resource] /
_cIsabel María Castañeda Contreras; Ricardo Javier García López; Jesica Patricia Meza Alba; Luis Guillermo Orozco Ortega; asesora., Edith Posada Peñate
260 _aBarranquilla, Atlántico :
_bCorporación Universitaria Rafael Núñez,
_c2025
300 _a1 recurso en linea (86 páginas (PDF))
502 _aTrabajo de Grado (Enfermera). Corporación Universitaria Rafael Nuñez. Facultad de Ciencias de la Salud. Programa de Enfermería, 2025
504 _aIncluye referencias bibliográficas
520 _aLa salud mental en adolescentes es un componente esencial para su desarrollo integral y bienestar social. Durante esta etapa de la vida, los jóvenes enfrentan cambios físicos, emocionales y cognitivos que, aunque sean naturales, pueden generar tensiones que afectan su estabilidad emocional. Según la Organización Mundial de la Salud, uno de cada siete adolescentes en el mundo padece alguna alteración mental, siendo la ansiedad y la depresión los más frecuentes. Esta situación ha llevado a que la salud mental sea reconocida como una prioridad global de salud pública.
521 _aAREA PROFESIONAL
590 _aPrograma de Enfermería_27
650 _aEnfermería
_vTesis y disertaciones académicas
700 _aGarcía López, Ricardo Javier
_eautor
700 _aMeza Alba, Jesica Patricia
_eautora
700 _aOrozco Ortega, Luis Guillermo
_eautor
700 _aPosada Peñate, Edith
_easesora
856 _uhttps://unicurn.sharepoint.com/:b:/s/biblioteca/IQDtDK5r6sJYRL8f7NtfkNJUAYtbnOKZR7yrxzrpsh76Dtc?e=rscvCv
_yConsulte aquí el texto completo
942 _cTG
_hENF 2025
_iC346
_2ddc
999 _c50269
_d50269